Hamlet
Guardado en:
| Autor principal: | |
|---|---|
| Formato: | Libro |
| Lenguaje: | español |
| Publicado: |
Lima
Eds. del Teatro Universitario de San Marcos
1964
|
| Colección: | Festival Shakespeare, 5
|
| Materias: | |
| Etiquetas: |
Agregar Etiqueta
Sin Etiquetas, Sea el primero en etiquetar este registro!
|
MARC
| LEADER | 00000nam a2200000 a 4500 | ||
|---|---|---|---|
| 001 | UCX6923 | ||
| 003 | CL-VaPUC | ||
| 008 | 930830e19640000PE |||||||||||||||||spa|d | ||
| 082 | 0 | 4 | |a 822 |b SHA |2 21 |
| 100 | |a Shakespeare, William |e author |9 265757 | ||
| 245 | 1 | 0 | |a Hamlet |
| 300 | |a 122 p | ||
| 942 | |c BK | ||
| 945 | |d 19930830 00:00:00 | ||
| 260 | |a Lima |b Eds. del Teatro Universitario de San Marcos |c 1964 | ||
| 650 | 0 | |a Drama inglés |9 311029 | |
| 583 | |a last modification |c 19930830 00:00:00 |k Rodrigo Vera | ||
| 490 | 0 | |a Festival Shakespeare, 5 | |
| 999 | |c 226864 |d 226862 | ||
| 952 | |0 0 |1 0 |4 0 |6 822_000000000000000_SHA_1964 |7 0 |8 R |9 225491 |a BIBEDU |b BIBEDU |c MCIRC |d 2019-11-15 |i 2941775 |o 822 SHA 1964 |p 2941775 |r 2023-01-13 |w 2019-11-15 |y BK_R |k LIT | ||